| 000 | 00633nam a22001457a 4500 | ||
|---|---|---|---|
| 020 | _a978-0-140-15751-2 | ||
| 082 |
_a823 _bMAR/G |
||
| 100 | _aGABRIEL GARGIA MARQUES | ||
| 245 |
_aGABRIEL GARCIA MARQUEZ _bONE HUNDRED YEARS OF SOLITUDE |
||
| 260 |
_aHARYANA _bPENGUIN BOOKS _c1972 |
||
| 300 | _a422 | ||
| 520 | _aGabriel García Márquez, (born March 6, 1927, Aracataca, Colom. —died April 17, 2014, Mexico City, Mex.), Latin American writer. He worked many years as a journalist in Latin American and European cities and later also as a screenwriter and publicist, before settling in Mexico. | ||
| 650 | _aSHORT STORY | ||
| 942 | _cBK | ||
| 999 |
_c6997 _d6997 |
||